Labour literature: A bibliography. V 1 (Record no. 22384)

MARC details
000 -LEADER
fixed length control field 00295nam a2200109Ia 4500
082 ## - DEWEY DECIMAL CLASSIFICATION NUMBER
Classification number 013.79236111
Item number KUL
100 ## - MAIN ENTRY--AUTHOR NAME
Personal name KULSHRESTH, S P
245 #0 - TITLE STATEMENT
Title Labour literature: A bibliography. V 1
260 ## - PUBLICATION, DISTRIBUTION, ETC. (IMPRINT)
Place of publication Delhi
Name of publisher Labour Department
Year of publication 1971
942 ## - ADDED ENTRY ELEMENTS (KOHA)
Koha item type Books
Holdings
Withdrawn status Lost status Damaged status Not for loan Home library Current library Date acquired Source of acquisition Full call number Accession Number Koha item type
        RRII Library RRII Library 16/12/2021 Auction 013.79236111 KUL 03104 Books